Internet and public sector organisations (Record no. 47008)

000 -LEADER
fixed length control field 01092pab a2200181 454500
008 - FIXED-LENGTH DATA ELEMENTS--GENERAL INFORMATION
fixed length control field 180718b2000 xxu||||| |||| 00| 0 eng d
100 ## - MAIN ENTRY--PERSONAL NAME
Personal name Gupta, L.N.
245 ## - TITLE STATEMENT
Title Internet and public sector organisations
260 ## - PUBLICATION, DISTRIBUTION, ETC.
Date of publication, distribution, etc. 2000
300 ## - PHYSICAL DESCRIPTION
Extent p.338-352.
362 ## - DATES OF PUBLICATION AND/OR SEQUENTIAL DESIGNATION
Dates of publication and/or sequential designation Jul-Sep
520 ## - SUMMARY, ETC.
Summary, etc. Giving the contextual framework of Internet's operation, the author first defines it, showing vast array of its services and their pervasiveness. He then focuses on its applications in public sector organisations. He highlights its potentialities and benefits accruing therefrom, followed by potential good applications in different sectors of administrative activities (to provide comparative insights, he also gives instances of some good applications at global level), and also underscores its weakneses with possible remedies to give a complete picture to the readers. He concludes his presentation with a SWOT analysis of Internet. - Reproduced
650 ## - SUBJECT ADDED ENTRY--TOPICAL TERM
Topical term or geographic name entry element Public administration
650 ## - SUBJECT ADDED ENTRY--TOPICAL TERM
Topical term or geographic name entry element Internet
773 ## - HOST ITEM ENTRY
Main entry heading Indian Journal of Public Administration
908 ## - PUT COMMAND PARAMETER (RLIN)
Put command parameter N
909 ## -
-- 47008
Holdings
Withdrawn status Lost status Damaged status Not for loan Permanent Location Current Location Date acquired Serial Enumeration / chronology Barcode Date last seen Price effective from Koha item type
        Indian Institute of Public Administration Indian Institute of Public Administration 2018-07-19 Volume no: 46, Issue no: 3 AR47436 2018-07-19 2018-07-19 Articles

Powered by Koha